Biblioteca Temática UTHEA (Record no. 16009)
[ view plain ]
| 000 -CABECERA | |
|---|---|
| campo de control de longitud fija | 01793nam a22004097a 4500 |
| 003 - IDENTIFICADOR DEL NÚMERO DE CONTROL | |
| campo de control | CHAP |
| 005 - FECHA Y HORA DE LA ÚLTIMA TRANSACCIÓN | |
| campo de control | 20220329134134.0 |
| 008 - DATOS DE LONGITUD FIJA--INFORMACIÓN GENERAL | |
| campo de control de longitud fija | 971013s1980 mx a r 00010 spa d |
| 010 ## - NÚMERO DE CONTROL DE LA BIBLIOTECA DEL CONGRESO | |
| Número de control de LC | 16009 |
| 011 ## - ENLACE DEL NUMERO DE CONTROL DE LA BIBLIOTECA DEL CONGRESO [OBSOLETO] | |
| Número de control de LC | 16981 |
| 035 ## - NÚMERO DE CONTROL DEL SISTEMA | |
| Número de control de sistema | 21063 |
| 040 ## - FUENTE DE LA CATALOGACIÓN | |
| Centro/agencia transcriptor | CHAP |
| 082 04 - NÚMERO DE LA CLASIFICACIÓN DECIMAL DEWEY | |
| Número de clasificación | 901.9 |
| Número de documento/Ítem | B5 |
| 245 0# - MENCIÓN DE TÍTULO | |
| Título | Biblioteca Temática UTHEA |
| 260 ## - PUBLICACIÓN, DISTRIBUCIÓN, ETC. | |
| Lugar de publicación, distribución, etc. | México,D. F. : |
| Nombre del editor, distribuidor, etc. | UTHEA, |
| Fecha de publicación, distribución, etc. | 1980 |
| 300 ## - DESCRIPCIÓN FÍSICA | |
| Extensión | 12 v. |
| Otras características físicas | : ilus. |
| 505 0# - NOTA DE CONTENIDO CON FORMATO | |
| Nota de contenido con formato | Contenido : v.1 La ventura del mar.- v.2 El mundo del deporte.- v.3 Personajes de la historia.- v.4 Poesía universal.- v.5 Historia del teatro.- v.6 Historia de la música.- v.7 Historia del cine.- v.8 Historia del arte.- v.9 La literatura a través de |
| 590 ## - NOTA LOCAL (RLIN) | |
| Nota local | BATCH-UPD |
| Procedencia (VM) [OBSOLETO] | 10 |
| Condición del los carretes individuales (VM) [OBSOLETO] | 20130110 |
| -- | UCH01 |
| -- | 1807 |
| 590 ## - NOTA LOCAL (RLIN) | |
| Nota local | BATCH-UPD |
| Procedencia (VM) [OBSOLETO] | 10 |
| Condición del los carretes individuales (VM) [OBSOLETO] | 20130410 |
| -- | UCH01 |
| -- | 1142 |
| 590 ## - NOTA LOCAL (RLIN) | |
| Nota local | BATCH-UPD |
| Procedencia (VM) [OBSOLETO] | 10 |
| Condición del los carretes individuales (VM) [OBSOLETO] | 20130914 |
| -- | UCH01 |
| -- | 0945 |
| 590 ## - NOTA LOCAL (RLIN) | |
| Nota local | CONVERSION |
| Procedencia (VM) [OBSOLETO] | 10 |
| Condición del los carretes individuales (VM) [OBSOLETO] | 20130109 |
| -- | UCH01 |
| -- | 1310 |
| 650 14 - PUNTO DE ACCESO ADICIONAL DE MATERIA--TÉRMINO DE MATERIA | |
| Término de materia o nombre geográfico como elemento de entrada | Civilización |
| Subdivisión general | Historia. |
| 9 (RLIN) | 23565 |
| 901 ## - ELEMENTOS DE DATOS A LOCAL LDA (RLIN) | |
| a | BK |
| 942 ## - ELEMENTOS DE PUNTO DE ACCESO ADICIONAL (KOHA) | |
| Tipo de ítem Koha | Libro |
| 949 ## - PROCESAMIENTO DE INFORMACIÓN LOCAL (OCLC) | |
| a | 901.9 B5 |
| b | BC |
| c | C |
| d | -151178 |
| e | C |
| f | v.2 |
| i | 21063 |
| s | i |
| 949 ## - PROCESAMIENTO DE INFORMACIÓN LOCAL (OCLC) | |
| a | 901.9 B5 |
| b | BC |
| c | C |
| d | 33724000646733 |
| e | C |
| f | v.8 |
| i | 21063 |
| s | i |
| 949 ## - PROCESAMIENTO DE INFORMACIÓN LOCAL (OCLC) | |
| a | 901.9 B5 |
| b | BC |
| c | C |
| d | 33724000646741 |
| e | C |
| f | v.11 |
| h | 51357 |
| i | 21063 |
| s | i |
| 949 ## - PROCESAMIENTO DE INFORMACIÓN LOCAL (OCLC) | |
| a | 901.9 B5 |
| b | BC |
| c | C |
| d | 33724000646774 |
| e | C |
| f | v.1 |
| i | 21063 |
| s | i |
| 949 ## - PROCESAMIENTO DE INFORMACIÓN LOCAL (OCLC) | |
| a | 901.9 B5 |
| b | BC |
| c | C |
| d | 33724000646782 |
| e | C |
| f | v.10 |
| h | 51356 |
| i | 21063 |
| s | i |
| 949 ## - PROCESAMIENTO DE INFORMACIÓN LOCAL (OCLC) | |
| a | 901.9 B5 |
| b | BC |
| c | C |
| d | 33724000646808 |
| e | C |
| f | v.9 |
| h | 51160 |
| i | 21063 |
| s | i |
| 949 ## - PROCESAMIENTO DE INFORMACIÓN LOCAL (OCLC) | |
| a | 901.9 B5 |
| b | BC |
| c | C |
| d | 33724000646816 |
| e | C |
| f | v.5 |
| h | 50545 |
| i | 21063 |
| s | i |
| 949 ## - PROCESAMIENTO DE INFORMACIÓN LOCAL (OCLC) | |
| a | 901.9 B5 |
| b | BC |
| c | C |
| d | 33724000767158 |
| e | C |
| f | v.12 |
| h | 51358 |
| i | 21063 |
| s | b |
| 949 ## - PROCESAMIENTO DE INFORMACIÓN LOCAL (OCLC) | |
| a | 901.9 B5 |
| b | BC |
| c | C |
| d | 33724000767281 |
| e | C |
| f | v.3 |
| i | 21063 |
| s | b |
| 949 ## - PROCESAMIENTO DE INFORMACIÓN LOCAL (OCLC) | |
| a | 901.9 B5 |
| b | BC |
| c | C |
| d | 33724000911533 |
| e | C |
| f | v.6 |
| h | 51071 |
| i | 21063 |
| s | i |
| 949 ## - PROCESAMIENTO DE INFORMACIÓN LOCAL (OCLC) | |
| a | 901.9 B5 |
| b | BC |
| c | C |
| d | 33724000911590 |
| e | C |
| f | v.4 |
| h | 50544 |
| i | 21063 |
| s | i |
| 949 ## - PROCESAMIENTO DE INFORMACIÓN LOCAL (OCLC) | |
| a | 901.9 B5 |
| b | BC |
| c | MUT |
| d | -151180 |
| e | MUT |
| f | v.7 |
| i | 21063 |
| s | i |
| Estado de retiro | Estado de pérdida | Fuente del sistema de clasificación o colocación | Estado dañado | Restricciones de uso | No para préstamo | Código de colección | Localización permanente | Ubicación/localización actual | Ubicación en estantería | Fecha de adquisición | Información codificada de la localización en otra ubicación | Total de préstamos | Signatura topográfica completa | Código de barras | Fecha visto por última vez | Número de copia | Precio válido a partir de | Tipo de ítem Koha |
|---|---|---|---|---|---|---|---|---|---|---|---|---|---|---|---|---|---|---|
| Dewey Decimal Classification | Préstamo interno | Consulta | Biblioteca Central | Biblioteca Central | Planta alta - Coleción Consulta | 17/12/2012 | LIBRO | 901.9 B5 | -151178 | 31/12/2019 | v.2 | 17/12/2012 | Libro | |||||
| Dewey Decimal Classification | Préstamo interno | Consulta | Biblioteca Central | Biblioteca Central | Planta alta - Coleción Consulta | 17/12/2012 | LIBRO | 901.9 B5 | 33724000646733 | 31/12/2019 | v.8 | 17/12/2012 | Libro | |||||
| Dewey Decimal Classification | Préstamo interno | Consulta | Biblioteca Central | Biblioteca Central | Planta alta - Coleción Consulta | 17/12/2012 | LIBRO | 901.9 B5 | 33724000646741 | 31/12/2019 | v.11 | 17/12/2012 | Libro | |||||
| Dewey Decimal Classification | Préstamo interno | Consulta | Biblioteca Central | Biblioteca Central | Planta alta - Coleción Consulta | 17/12/2012 | LIBRO | 901.9 B5 | 33724000646774 | 31/12/2019 | v.1 | 17/12/2012 | Libro | |||||
| Dewey Decimal Classification | Préstamo interno | Consulta | Biblioteca Central | Biblioteca Central | Planta alta - Coleción Consulta | 17/12/2012 | LIBRO | 901.9 B5 | 33724000646782 | 31/12/2019 | v.10 | 17/12/2012 | Libro | |||||
| Dewey Decimal Classification | Préstamo interno | Consulta | Biblioteca Central | Biblioteca Central | Planta alta - Coleción Consulta | 31/12/2019 | LIBRO | 901.9 B5 | 33724000646808 | 31/12/2019 | v.9 | 31/12/2019 | Libro | |||||
| Dewey Decimal Classification | Préstamo interno | Consulta | Biblioteca Central | Biblioteca Central | Planta alta - Coleción Consulta | 31/12/2019 | LIBRO | 901.9 B5 | 33724000646816 | 31/12/2019 | v.5 | 31/12/2019 | Libro | |||||
| Dewey Decimal Classification | Préstamo interno | Consulta | Biblioteca Central | Biblioteca Central | Planta alta - Coleción Consulta | 31/12/2019 | LIBRO | 901.9 B5 | 33724000767158 | 31/12/2019 | v.12 | 31/12/2019 | Libro | |||||
| Dewey Decimal Classification | Préstamo interno | Consulta | Biblioteca Central | Biblioteca Central | Planta alta - Coleción Consulta | 31/12/2019 | LIBRO | 901.9 B5 | 33724000767281 | 31/12/2019 | v.3 | 31/12/2019 | Libro | |||||
| Dewey Decimal Classification | Préstamo interno | Consulta | Biblioteca Central | Biblioteca Central | Planta alta - Coleción Consulta | 31/12/2019 | LIBRO | 901.9 B5 | 33724000911533 | 31/12/2019 | v.6 | 31/12/2019 | Libro | |||||
| Dewey Decimal Classification | Préstamo interno | Consulta | Biblioteca Central | Biblioteca Central | Planta alta - Coleción Consulta | 31/12/2019 | LIBRO | 901.9 B5 | 33724000911590 | 31/12/2019 | v.4 | 31/12/2019 | Libro | |||||
| Dewey Decimal Classification | Préstamo interno | Consulta | Biblioteca Central | Biblioteca Central | Planta alta - Coleción Consulta | 31/12/2019 | LIBRO | 901.9 B5 | 33724002417446 | 31/12/2019 | v.7 | 31/12/2019 | Libro |
